Bilecik Bilecik Bilecik Bilecik Bilecik

Dost kazanma sanatı/ (Record no. 20589)

MARC details
000 -BAŞLIK
Sabit Uzunluktaki Kontrol Alanı 01102nam a22003737a 4500
001 - KONTROL NUMARASI
Control Dosyası 0020633
003 - KONTROL NUMARASI KİMLİĞİ
Kontrol Alanı KOHA_MİRAKIL
005 - EN SON İŞLEM TARİHİ ve ZAMANI
Kontrol Alanı 20260207002259.0
007 - FİZİKSEL TANIM SABİT ALAN - GENEL BİLGİ
Sabit uzunluklu kontrol alanı ta
008 - SABİT UZUNLUKTAKİ VERİ ÖGELERİ - GENEL BİLGİ
Sabit Alan 100811b1996 tu |||gr||||#||||0|tur |
020 ## - ISBN - ULUSLARARASI STANDART KİTAP NUMARASI
Isbn 9757782688
040 ## - KATALOGLAMA KAYNAĞI
Özgün Kataloglama Kurumu TR-BiSEU
Kataloglama Dili tur
Çeviri Kurumu TR-BiSEU
Açıklama Kuralları rda
041 0# - DİL KODU
Metin ya da ses kaydının dil kodu tur
044 ## - YAYINLAYAN/ÜRETEN KURULUŞUN ÜLKE KODU
ISO country code tu
050 ## - SINIFLAMA ve YER NUMARASI
Sınıflama Numarası BF637
Yer Numarası .C37 1996
100 1# - KİŞİ ADI
Yazar Adı (Kişi adı) Carnegie, Dale.
245 1# - ESER ADI BİLDİRİMİ
Başlık Dost kazanma sanatı/
Sorumluluk Bildirimi Dale Carnegie ; Dale Carnegie ; çev. Ayça Haykır.
264 #1 - ÜRERİM, YAYIN, DAĞITIM ve TELİF BİLDİRİMİ
Yayın yeri Ankara :
Yayınlayan Öteki Yönetim
Yayın tarihi 1996
300 ## - FİZİKSEL TANIMLAMA
Sayfa, Cilt vb. 223 s. ;
Boyutları 21 cm.
336 ## - İÇERİK TÜRÜ
Content type term metin
Content type code txt
Source rdacontent
337 ## - MEDYA TÜRÜ
Media type term aracısız
Media type code n
Source rdamedia
338 ## - TAŞIYICI TÜRÜ
Carrier type term cilt
Carrier type code nc
Source rdacarrier
490 1# - DİZİ BİLDİRİMİ
Dizi Bildirimi Öteki Yönetim ;
Cilt Numarası 13
650 #0 - KONU BAŞLIĞI EK GİRİŞ - KONU TERİMİ
Konusal terim veya coğrafi ad Başarı.
9 (RLIN) 4753
650 #0 - KONU BAŞLIĞI EK GİRİŞ - KONU TERİMİ
Konusal terim veya coğrafi ad Arkadaşlık.
9 (RLIN) 19007
650 #0 - KONU BAŞLIĞI EK GİRİŞ - KONU TERİMİ
Konusal terim veya coğrafi ad Uygulamalı psikoloji.
9 (RLIN) 19008
650 #0 - KONU BAŞLIĞI EK GİRİŞ - KONU TERİMİ
Konusal terim veya coğrafi ad Kişilerarası ilişkiler.
9 (RLIN) 6027
650 #0 - KONU BAŞLIĞI EK GİRİŞ - KONU TERİMİ
Konusal terim veya coğrafi ad Success.
9 (RLIN) 4756
650 #0 - KONU BAŞLIĞI EK GİRİŞ - KONU TERİMİ
Konusal terim veya coğrafi ad Friendship.
9 (RLIN) 26194
650 #0 - KONU BAŞLIĞI EK GİRİŞ - KONU TERİMİ
Konusal terim veya coğrafi ad Applied psychology.
9 (RLIN) 44749
650 #0 - KONU BAŞLIĞI EK GİRİŞ - KONU TERİMİ
Konusal terim veya coğrafi ad Interpersonal relationships.
9 (RLIN) 17827
830 1# - SERİ EK GİRİŞİ - TEKBİÇİM ESER ADI
Tekbiçim Başlık Öteki Yönetim ;
Volume number/sequential designation 13
9 (RLIN) 44750
942 ## - EK GİRİŞ ÖGELERİ (KOHA)
Source of classification or shelving scheme Library of Congress Classification
Koha item type Book
Holdings
Materyal Türü Kalıcı Konum Mevcut Konum Sınıflandırma Kaynağı Edinim Bilgisi Ana Konular Alt Konular Yer Numarası Demirbaş Numarası Fatura Tarihi Maliyet, Alış Fiyatı Maliyet, Yenileme Fiyatı Geri Çekilme Durumu Kayıp Durumu Hasarlı Durumu Kredi için değil Kayıt Tarih Toplam Ödünçverme Son Görülme Tarihi Son Kontrol Tarihi Genel / Bağış Notu
Book BŞEÜ Pazaryeri MYO Kütüphanesi BŞEÜ Pazaryeri MYO Kütüphanesi Library of Congress Classification Bağış FELSEFE, PSİKOLOJİ, DİN Psikoloji BF637 .C37 1996 0020633 02/02/2026 3.50 3.50         11/08/2010   05/12/2024 05/12/2024 Genel Bağış